Lucky Stars: The Film Star Wish / (Record no. 21972)

000 -LEADER
fixed length control field 00476nam a22001457a 4500
003 - CONTROL NUMBER IDENTIFIER
control field OSt
005 - DATE AND TIME OF LATEST TRANSACTION
control field 20260126143431.0
008 - FIXED-LENGTH DATA ELEMENTS--GENERAL INFORMATION
fixed length control field 260126b2013 xxu|a||| |||| 00| 0 eng d
040 ## - CATALOGING SOURCE
Transcribing agency csu
100 ## - MAIN ENTRY--PERSONAL NAME
Personal name Bright, Phoebe
Relator term auhtor.
245 ## - TITLE STATEMENT
Title Lucky Stars: The Film Star Wish /
Statement of responsibility, etc author Phoebe Bright : illustrated by Karen Donnelly
260 ## - PUBLICATION, DISTRIBUTION, ETC. (IMPRINT)
Place of publication, distribution, etc Macmillan Children's Books :
Name of publisher, distributor, etc [name of publication not identified],
Date of publication, distribution, etc c2012.
300 ## - PHYSICAL DESCRIPTION
Extent 13 pages :
Other physical details illustrations.
942 ## - ADDED ENTRY ELEMENTS (KOHA)
Source of classification or shelving scheme
Koha item type Books
Holdings
Price effective from Permanent Location Date last seen Not for loan Date acquired Source of classification or shelving scheme Koha item type Lost status Withdrawn status Copy number Source of acquisition Collection code Damaged status Barcode Shelving location Current Location Full call number
2026-01-23Cagayan State University - Carig Library2026-01-26 2026-01-26 Books  1DonationChildren Section C000362Children SectionCagayan State University - Carig LibraryCS C362 B8553

Cagayan State University University Library, Carig Campus
Tuguegarao City, Cagayan 3500 | www.csucarig.edu.ph

Powered by Koha